Quizzes
Events
Quiz Creation
Community
Videos
Private Events
Remove Ads
Sign In
Join for FREE
Feedback
Dark Mode
Quiz Categories
Sports
Geography
Music
Movies
Television
Just For Fun
Miscellaneous
History
Literature
Language
Science
Gaming
Entertainment
Religion
Holiday
For Kids
Quiz Lab
Recent
Popular Today
Quiz Kudos Today
Editor Picks
Curator Picks
Quizzes by...
Day
Popularity
Type
Ratings
Length
Year
Community
Subscriptions
Recent Discussions
Orange Saloon
Badges
Playlists
Quests
Create
Leaderboards
Showdown
Live 5
Trivia Bingo
Activity
Puzzle Library
Sporcle Events
Private Events
Virtual Trivia
Globe League
Become a Host
Pub Owners
SporcleCon
Opinionation
Our Games
Videos
Blog
Mobile Apps
Partnerships
Remove Ads and Go Orange
Feedback
Sports
Athletes
MLB
NBA
NHL
NFL
Soccer
Sports Teams
WWE
NCAA
Football
Premier League
Basketball
Baseball
Hockey
Golf
Tennis
Cricket
Rugby
Auto Racing
Olympics
World Cup
Sports
Athletes
MLB
NBA
NHL
NFL
Soccer
Sports Teams
WWE
NCAA
Football
Premier League
Basketball
Baseball
Hockey
Golf
Tennis
Cricket
Rugby
Auto Racing
Olympics
World Cup
Random Quiz
Search Sporcle
×
Quiz Lab
Quiz Lab
Sports
WWE
Type in answers that appear in a list
Type in answers that appear in a list
Classic
Best Score? Go Orange.
Wrestler Picture Quiz: Personalities Stats
Can you name the Pro wrestling personalities known for a non-wrestling role pictured?
By
nscox
6m
36 Questions
820 Plays
820 Plays
820 Plays
Comments
Comments
Give Quiz Kudos
Give Quiz Kudos
-
- Ratings
hide this ad
Forced Order
Answers have to be entered in order
Answers have to be entered in order
Replay
Link that replays current quiz
Next Quiz
Link to next quiz in quiz playlist
You Got
0%
They Got
Avg Score
80%
Avg Friend Score
Upgrade to see
Score Distribution
Jump to the score distribution portion of the page
Score
0/36
Timer
06:00
0
Plays Today
Number
Wrestler
% Correct
4
Jerry Lawler
98.2%
3
Tazz
96.5%
9
Jim Ross
96.5%
2
Jimmy Hart
96.2%
6
Vickie Guerrero
94.9%
22
Vince McMahon
94.5%
16
Paul Bearer
94.1%
26
Shane McMahon
93.5%
13
Teddy Long
92%
31
Paul Heyman
90.5%
29
Eric Bischoff
90.4%
14
Bobby Heenan
90.2%
21
Miss Elizabeth
88.5%
1
Lilian Garcia
88.3%
25
Jonathan Coachman
87.7%
7
Jesse Ventura
87.1%
17
Michael Cole
86.6%
12
Sensational Sherri
85.9%
Number
Wrestler
% Correct
32
Howard Finkel
84.9%
5
Jim Cornette
84.1%
24
Pat Patterson
79.3%
35
Gorilla Monsoon
79.1%
20
Lou Albano
78.4%
10
Sunny
78.4%
23
Brother Love (Bruce Prichard)
77.3%
33
'Classy' Freddie Blassie
74.1%
28
Joey Styles
70.7%
18
Dok Hendrix (Michael Hayes)
69.6%
15
Todd Grisham
65.4%
34
Paul Ellering
62.5%
19
Stu Hart
61.3%
11
Mike Tenay
60.7%
8
Tony Schiavone
57%
36
Mike Adamle
56.6%
30
Jack Tunney
50.5%
27
Gordon Solie
46.5%
Quiz Playlist
Details
Report
Send in Message
Add To Playlist
Classic:
Type in answers that appear in a list
Forced Order:
Answers have to be entered in order
Last Updated: Feb 16, 2017
Quiz Scoreboard
CHALLENGE
Sign Up to Join the Scoreboard
Show All
Scores
Hide
Comments
May contain spoilers
Recently Published
An Introduction to Baseball
by treessimontrees
Sports
5m
Movies - When Are They Set?
by FPL_Elf
Movies
5m
Popular People in 1961
by mucciniale
History
6m
More to Explore
Quiz From the Vault
Featured Blog Post
Where Did the Easter Bunny Come From?
hide this ad
You Might Also Like...
Tags
WWE Quiz
ECW
Image Quiz
NWA
tna
WCW
Wrestlers
Wrestling
WWF
Today's Top Quizzes in Sports
Browse Sports
hide this ad
Today's Top Quizzes in WWE
Browse WWE
Top Contributed Quizzes in Sports
1
Les meilleurs buteurs des matchs entre le PSG et l’OM
2
2022 World Cup Stars
3
FIFA Club World Cup Champions
4
Les entraîneurs de l'OM et du PSG au 21e siècle
5
Name the Premier League winners with different clubs
6
La finale Lions - Afrique du Sud 2021
7
Criteria MLB: Left Handed Sluggers
8
Les joueurs passés par le LOSC et le RC Lens
9
Players with Multiple 50 Home Run Seasons
10
MLB Players with Two .350 Batting Average Seasons
Explore More
Trending Topics
NBA
Anime
Crossword
Harry Potter
Kpop
Disney
Marvel
WWE
Song
Country
Pokémon
NFL
Soccer
Puzzle
The Office
hide this ad
More By:
nscox
Quiz
Plays
Rating
Category
Featured
Created
2012 Summer Olympics Minefield
527,195
4.14
Sports
Jul 11, 2012
NHL Teams (Redux)
280,049
4.17
Sports
Mar 31, 2012
WWE 'Money in the Bank' Match Participants
246,692
4.23
Sports
Jun 27, 2011
Every WrestleMania Match 1-31!
239,972
4.57
Sports
Mar 4, 2012
Famous Wrestlers by Picture
236,426
4.21
Sports
Sep 13, 2012
Go to Creator's Profile
Score Distribution
Quiz Creator Spotlight
nscox
Follow
Send a Message
Quizzes Created
-
Created Quiz Play Count
-
More By This Creator
Popular Quizzes Today
1
Find the Countries of Europe - No Outlines Minefield
2
Find the US States - No Outlines Minefield
3
The Countries of the World
4
Popular People in 1961
5
US States
6
1-10 Letter E Words III
7
Find the US States
8
One Thing in Common: World Cities II
More Sports Quizzes
Find the Hockey Hall of Fame Inductees (1980s-1990s)
Published
Trending Quizzes
Risky Map Clicking: Least Populous States A-Z
1-10 Letter F Words
1-10 Letter G Words
One Thing in Common: United Kingdom
Risky Map Clicking: Next State Alphabetically
Recently Updated
Leaping Animals
pecheneg
Reality TV Shows (A-Z)
bhenderson79
Rickey Henderson's Hall of Fame Teammates
pecheneg
Champions League XIs: Arsenal
pecheneg
Quick Pick: Celebrities in WWE's Hall of Fame
aduchscher
A-Z Keypad Blitz II
pecheneg
Multiple Oscar Actors
pecheneg
Mystery Phrase Blitz: Oscar 'Best Actors'
pecheneg
F. Scott Fitzgerald Novels
LTH
Pick 3 Villains
ddd62291
Trending Topics
Kpop
Disney
Crossword
NBA
Anime
Harry Potter
Marvel
NFL
Pokémon
WWE
Country
Song
The Office
Puzzle
Soccer
Your Account Isn't Verified!
In order to create a playlist on Sporcle, you need to verify the email address you used during registration. Go to your
Sporcle Settings
to finish the process.
Report this User
Report this user for behavior that violates our
Community Guidelines
.
Details:
Send Report
Go to the Sporcle.com Mobile Site →
Comments